000 00686nas a2200217 4500
001 BR5400327
003 BR-BrBNA
005 20231205081948.0
007 ta
008 230509b bl.|||p| |||| 00| 00por d
040 _aBR-BrBNA
_bpor
_cBiblioteca Nacional de Agricultura
041 _a(Pt)
072 _aH20; H10
100 1 _aMatta, E.A.F. da
245 1 _aContribuicao ao levantamento fitossanitario do Estado da Bahia [Brasil]
650 _aLEVANTAMENTO FITOSSANITARIO
650 _aBAHIA
773 0 _tBoletim do Instituto Biologico da Bahia (Brazil)
_xISSN 0020-3641
_g(1956), v. 3(1) p. 85-102
_wBR5400327
909 _a202311
_bLúcia
_c55
_dLúcia Elande
942 _2AGRIS
_n0
_cANA
999 _c88169
_d88169